000 00646nam a22002297a 4500
999 _c2512
_d2512
003 OSt
005 20210713071719.0
008 210713b ||||| |||| 00| 0 eng d
020 _a9780176056308
040 _cALUPE UNIVERSITY
050 _aHG179
_b.C582 1997
100 _a Anne Chun
245 _aPlanning your financial future
_b a guide for Canadians
250 _a eBook
260 _aToronto
_bITP Nelson
_cc1997
300 _a261p
650 _2 Finance, Personal -- Canada. .
650 _2 Finances personnelles -- Canada
650 _2 Finance, Personal.
700 _a Patricia Jermey
942 _2lcc
_cBK
_nDO